00463nam a22001337a 450000500170000000800410001704100120005808200130007010000120008324500990009526000850019430000250027965000250030420240820105627.0240820b |||||||| |||| 00| 0 eng d aEnglish a349 LAW  lEnglish aThe Law Reports, Weekly Law Reports and Industrial Cases Reports: Consolidated Index 1981-1990 aLondon:bThe Incorporated Council of Law Reporting for England and Wales, c1990 b1327 pages; c25 cm. aLegal practice bLaw